Music Quiz

Random Music or Bands Quiz

Slideshow - Rock Cover Songs 2 Quiz Stats

Quiz not verified by Sporcle

Score 0/20 Timer 05:00
0 Plays Today
% Correct
Guns N' Roses
97.6%
Jimi Hendrix
96.4%
Eric Clapton
95.3%
Ozzy Osbourne
95.3%
The Doors
94.7%
Phil Collins
92.1%
Lenny Kravitz
89.5%
Ike and Tina Turner
88.7%
Santana
87.8%
Led Zeppelin
81.9%
% Correct
The Clash
81.9%
Rod Stewart and Jeff Beck
73.2%
Iggy Pop
66.3%
Pat Benatar
65.7%
Creedence Clearwater Revival
63.8%
Nazareth
59.2%
Stevie Ray Vaughan
58.2%
Cheap Trick
54.6%
Ram Jam
52.9%
George Thorogood and the Destroyers
45.6%

You're not logged in!

Compare scores with friends on all Sporcle quizzes.
Sign Up with Email
OR
Log In

You Might Also Like...

Show Comments

Extras

Top Quizzes Today


Score Distribution

Your Account Isn't Verified!

In order to create a playlist on Sporcle, you need to verify the email address you used during registration. Go to your Sporcle Settings to finish the process.

Report this User

Report this user for behavior that violates our Community Guidelines.

Details: